Statistiken für Städte in der Pokémon Johto-Region auf einer Karte

Klicken Sie hier um das Quiz zu spielen!

Allgemein

  • Dieses Quiz wurde 283 mal gespielt
    (266 seit der letzten Aktualisierung)
  • Das Durchschnittsergebnis liegt bei 7 aus 10

Antworten auf der Karte

Die Antworten werden auf der Karte rot bzw. grün angezeigt, abhängig davon wie oft sie richtig erraten wurden.
 

Antwortstatistiken

Antwort% Korrekt
Neuborkia
93%
Ebenholz City
82%
Teak City
80%
Dukatia City
75%
Anemonia City
74%
Oliviana City
72%
Rosalia City
70%
Azalea City
64%
Mahagonia City
64%
Viola City
64%

Verteilung der Resultate

Perzentil nach korrekt beantworteten Fragen

Anzahl Personen mit jedem Resultat

Ihre Resultats-Entwicklung

Sie haben dieses Quiz seit der letzten Aktualisierung nicht gespielt